[Event "PRO League Group Stage"]
[Site "chess.com INT"]
[Date "2017.02.11"]
[Round "5"]
[White "Swayams, Mishra"]
[Black "Nagle, Sean"]
[Result "1/2-1/2"]
[WhiteTitle "IM"]
[BlackTitle "IM"]
[WhiteElo "2491"]
[BlackElo "2423"]
[WhiteTeam "Odisha Express"]
[BlackTeam "Minnesota Blizzard"]
[WhiteFideId "5028183"]
[BlackFideId "2013878"]
[EventDate "2017.01.11"]

1. d4 Nf6 2. c4 g6 3. Nc3 Bg7 4. e4 d6 5. Nf3 O-O 6. Be2 e5 7. O-O Nc6 8. d5 Ne7
9. Ne1 Nd7 10. Be3 f5 11. f3 f4 12. Bf2 g5 13. a4 a5 14. Nd3 b6 15. b4 axb4 16.
Nxb4 Nf6 17. Nc6 Nxc6 18. dxc6 Qe8 19. Nd5 Rf7 20. Qb3 Bf8 21. a5 bxa5 22. Qb5
Ra6 23. Rxa5 Rxa5 24. Qxa5 Qxc6 25. Rb1 Nxd5 26. cxd5 Qc2 27. Qe1 h5 28. Rc1 Qb2
29. Rb1 Qc2 30. Rc1 Qa2 31. Ra1 Qc2 32. Rc1 1/2-1/2

[Event "PRO League Group Stage"]
[Site "chess.com INT"]
[Date "2017.02.11"]
[Round "5"]
[White "Movsesian, Sergei"]
[Black "Ostrovskiy, Andrey"]
[Result "1/2-1/2"]
[WhiteTitle "GM"]
[BlackTitle "IM"]
[WhiteElo "2676"]
[BlackElo "2444"]
[WhiteTeam "London Lions"]
[BlackTeam "Las Vegas Desert Rats"]
[WhiteFideId "310204"]
[BlackFideId "14110326"]
[EventDate "2017.01.11"]

1. e4 e5 2. Nf3 Nc6 3. Bc4 Bc5 4. O-O Nf6 5. d3 h6 6. c3 d6 7. Bb3 a6 8. Nbd2
O-O 9. h3 Re8 10. Re1 Be6 11. Bc2 Ba7 12. Nf1 d5 13. Bd2 dxe4 14. dxe4 Bc4 15.
Ng3 Bd3 16. Qb1 Bxc2 17. Qxc2 Qc8 18. Nh4 Qe6 19. Be3 Bxe3 20. Rxe3 Rad8 21. Qe2
Ne7 22. Ngf5 Nxf5 23. Nxf5 Kh7 24. Rf3 g6 25. Ng3 Kg7 26. b3 Rd7 27. Rd3 Red8
28. Rad1 Qc6 29. Kh2 Rxd3 30. Rxd3 Rxd3 31. Qxd3 h5 32. f3 h4 33. Nf1 Nh5 34.
Ne3 Nf4 35. Qd2 Qc5 36. Ng4 Qd6 37. Qf2 g5 38. Ne3 Qd3 39. c4 b6 40. c5 bxc5 41.
Nf5+ Kh7 42. Qxc5 Qe2 43. Ne3 Qf2 44. Qxc7 Qxe3 45. Qxf7+ Kh6 46. Qf8+ Kg6 47.
Qf5+ Kh6 48. Qf8+ Kg6 49. Qf5+ 1/2-1/2

[Event "PRO League Group Stage"]
[Site "chess.com INT"]
[Date "2017.02.11"]
[Round "5"]
[White "Cornette, Matthieu"]
[Black "Ynojosa Aponte, Felix Jose"]
[Result "1/2-1/2"]
[WhiteTitle "GM"]
[BlackTitle "IM"]
[WhiteElo "2586"]
[BlackElo "2399"]
[WhiteTeam "Cannes Blockbusters"]
[BlackTeam "Rio Grande Ospreys"]
[WhiteFideId "620084"]
[BlackFideId "3900258"]
[EventDate "2017.01.11"]

1. e4 c5 2. Nc3 Nc6 3. Bb5 e6 4. Bxc6 bxc6 5. d3 Ne7 6. f4 d5 7. Nf3 Ng6 8. O-O
Bd6 9. e5 Bc7 10. Na4 Qe7 11. c4 O-O 12. Be3 d4 13. Bd2 f6 14. Qe2 fxe5 15. Nxe5
Nxe5 16. fxe5 Bd7 17. Qh5 h6 18. Rf4 Rxf4 19. Bxf4 Rf8 20. Rf1 Be8 21. Qg4 Kh7
22. Bg3 Bg6 23. Rxf8 Qxf8 24. Qe2 Bb6 25. b3 Qf5 26. Nb2 Qg5 27. Qe1 Ba5 28.
Qxa5 Qc1+ 29. Be1 Qxb2 30. Qd2 Qb1 31. h3 Bxd3 32. Kh2 Bc2 33. Bh4 Qxa2 34. Be7
Qxb3 35. Bxc5 Qxc4 36. Bxd4 a6 37. Be3 Qd3 38. Qf2 a5 39. Bc5 a4 40. Bd6 Qf5 41.
Qxf5+ Bxf5 42. g4 Bc2 43. Kg3 g5 44. h4 Kg6 45. hxg5 hxg5 46. Be7 Bd1 47. Kh3
Be2 48. Kg3 Bd1 49. Kh3 Kf7 50. Bxg5 c5 51. Bd2 a3 52. Kh4 Kg6 53. Bc3 a2 54.
Bb2 Be2 55. Bc3 Bd3 56. Bb2 Bc2 57. Ba1 Bd3 1/2-1/2

[Event "PRO League Group Stage"]
[Site "chess.com INT"]
[Date "2017.02.11"]
[Round "5"]
[White "Toshali, V"]
[Black "Cunningham, Robin"]
[Result "0-1"]
[BlackTitle "FM"]
[WhiteElo "1797"]
[BlackElo "2263"]
[WhiteTeam "Amaravati Yodhas"]
[BlackTeam "Carolina Cobras"]
[WhiteFideId "5072611"]
[BlackFideId "2005093"]
[EventDate "2017.01.11"]

1. h3 e5 2. Nc3 d5 3. e4 dxe4 4. Nxe4 f5 5. Ng3 Nf6 6. Bd3 g6 7. Qe2 Qe7 8. b3
Bg7 9. a4 e4 10. Bc4 Nh5 11. Ba3 Nxg3 12. fxg3 Qe5 13. c3 Qxg3+ 14. Qf2 Qxf2+
15. Kxf2 Nc6 16. Rc1 Bd7 17. Re1 O-O-O 18. Ne2 Ne5 19. a5 Nxc4 20. bxc4 Bh6 21.
Rd1 Be6 22. Be7 Rxd2 23. Rxd2 Bxd2 24. c5 Re8 25. Bf6 Bc4 26. Bd4 Bh6 27. Rb1 a6
28. g3 Bxe2 29. Kxe2 Re7 30. Rf1 Kd7 31. h4 Bg7 32. Ke3 Bxd4+ 33. cxd4 Ke6 34.
Rb1 c6 35. Rb2 Kd5 36. Rb4 h6 37. Rb1 g5 38. hxg5 hxg5 39. Rh1 f4+ 40. gxf4
gxf4+ 41. Kxf4 Kxd4 42. Rc1 e3 43. Kf3 e2 44. Kf2 e1=Q+ 45. Rxe1 Rxe1 46. Kxe1
Kxc5 47. Kd2 Kb5 48. Kc3 Kxa5 49. Kc4 Kb6 50. Kb4 a5+ 51. Ka4 Ka6 52. Ka3 b5 53.
Kb3 c5 54. Kc3 a4 55. Kb2 Ka5 56. Ka3 c4 57. Kb2 Kb4 58. Kc2 a3 59. Kb1 Kb3 60.
Ka1 Kc2 61. Ka2 b4 62. Ka1 a2 63. Kxa2 b3+ 64. Ka3 b2 65. Kb4 b1=Q+ 66. Kxc4 Qb6
67. Kd5 Kd3 68. Ke5 Qd4+ 69. Ke6 Ke4 70. Kf7 Qb6 71. Kg7 Kf5 72. Kf7 Qc7+ 73.
Ke8 Kf6 74. Kf8 Qb8# 0-1

[Event "PRO League Group Stage"]
[Site "chess.com INT"]
[Date "2017.02.11"]
[Round "5"]
[White "Burg, Twan"]
[Black "Khachiyan, Melikset"]
[Result "1/2-1/2"]
[WhiteTitle "GM"]
[BlackTitle "GM"]
[WhiteElo "2508"]
[BlackElo "2530"]
[WhiteTeam "Hamburg Swashbucklers"]
[BlackTeam "San Diego Surfers"]
[WhiteFideId "1010697"]
[BlackFideId "13300512"]
[EventDate "2017.01.11"]

1. c4 Nf6 2. Nc3 e5 3. Nf3 Nc6 4. e4 Bb4 5. d3 d6 6. g3 O-O 7. Bg2 Bg4 8. O-O
Nd4 9. a3 Bc5 10. b4 Bb6 11. Na4 Nxe4 12. h3 Bxf3 13. Bxf3 Nxf3+ 14. Qxf3 Bd4
15. Ra2 Ng5 16. Qxb7 Nxh3+ 17. Kg2 Qd7 18. Nb2 f6 19. f4 Qg4 20. Qf3 Nxf4+ 21.
Bxf4 Qxf3+ 22. Rxf3 exf4 23. Rxf4 c5 24. Nd1 Rae8 25. b5 f5 26. a4 Re1 27. Rf1
Rfe8 28. Rxe1 Rxe1 29. a5 Rxd1 30. b6 Re1 31. b7 Re8 32. Kf3 Kf7 33. Re2 Be5 34.
d4 cxd4 35. c5 d3 36. Rxe5 dxe5 37. c6 f4 38. c7 e4+ 39. Kxf4 d2 40. c8=Q d1=Q
41. Qxe8+ Kxe8 42. b8=Q+ Qd8 43. Qxa7 Qd6+ 44. Kxe4 Qxg3 45. a6 Qg6+ 46. Kd5
Qd3+ 47. Kc6 Qc4+ 48. Kd6 Qf4+ 49. Kd5 Qf3+ 50. Kc4 Qe2+ 51. Kc3 Qe1+ 52. Kd3
Qf1+ 53. Kd2 Qg2+ 54. Ke1 Qe4+ 55. Kf2 Qf5+ 56. Ke2 Qc2+ 57. Kf3 Qf5+ 58. Ke3
Qe6+ 59. Kd4 Qd6+ 60. Kc4 Qc6+ 61. Kb4 Qe4+ 62. Kc3 Qc6+ 63. Kd3 Qd6+ 64. Kc4
Qc6+ 65. Kb4 Qd6+ 66. Kb5 Qd3+ 67. Kc6 Qc4+ 68. Kb7 Qd5+ 69. Kc7 Qd7+ 70. Kb8
Qd8+ 71. Kb7 Qd7+ 72. Ka8 Qc8+ 73. Qb8 Kd7 74. a7 h5 75. Qxc8+ Kxc8 1/2-1/2

[Event "PRO League Group Stage"]
[Site "chess.com INT"]
[Date "2017.02.11"]
[Round "5"]
[White "Burg, Twan"]
[Black "Hilby, Craig"]
[Result "1/2-1/2"]
[WhiteTitle "GM"]
[BlackTitle "FM"]
[WhiteElo "2508"]
[BlackElo "2334"]
[WhiteTeam "Hamburg Swashbucklers"]
[BlackTeam "San Diego Surfers"]
[WhiteFideId "1010697"]
[BlackFideId "2062674"]
[EventDate "2017.01.11"]

1. e4 e5 2. Nf3 Nc6 3. Bb5 a6 4. Ba4 d6 5. c3 f5 6. d3 Nf6 7. Bg5 h6 8. Bxf6
Qxf6 9. Nbd2 Bd7 10. Qe2 O-O-O 11. b4 g5 12. h3 h5 13. O-O-O Bh6 14. Ne1 Kb8 15.
Bb3 g4 16. Nc2 fxe4 17. dxe4 Rdf8 18. Rdf1 gxh3 19. gxh3 Qf3 20. Qxf3 Rxf3 21.
Ne3 Bxe3 22. fxe3 Rxh3 23. Rxh3 Bxh3 24. Rh1 Bg4 25. Rh4 Ne7 26. Bd1 Ng6 27. Rh1
Bxd1 28. Kxd1 Ka7 29. Ke2 Kb6 30. a4 Kc6 31. Nf3 a5 32. Rg1 Nf8 33. Kd3 h4 34.
Rh1 Ng6 35. Rg1 h3 36. Rxg6 h2 37. bxa5 Kc5 38. Rg7 Kc6 39. Rg6 Kc5 40. Rg7 Kc6 1/2-1/2

[Event "PRO League Group Stage"]
[Site "chess.com INT"]
[Date "2017.02.11"]
[Round "5"]
[White "Zaloznyy, Mike"]
[Black "Griffiths, Ryan Rhys"]
[Result "1/2-1/2"]
[BlackTitle "FM"]
[WhiteElo "2100"]
[BlackElo "2356"]
[WhiteTeam "Las Vegas Desert Rats"]
[BlackTeam "London Lions"]
[WhiteFideId "2023075"]
[BlackFideId "2502054"]
[EventDate "2017.01.11"]

1. e4 c5 2. a3 g6 3. b4 Bg7 4. Nc3 b6 5. Rb1 d6 6. Bb5+ Bd7 7. Qe2 Nc6 8. Nf3 e6
9. O-O Nge7 10. Bb2 O-O 11. Bxc6 Nxc6 12. Nb5 Bxb2 13. Rxb2 Bc8 14. Nc3 a5 15.
bxc5 Ba6 16. d3 bxc5 17. Qe3 Qf6 18. e5 Nxe5 19. Nxe5 Qxe5 20. Qxe5 dxe5 21. Ne4
c4 22. Nf6+ Kg7 23. Nd7 Rfd8 24. Nxe5 cxd3 25. cxd3 Bxd3 26. Rc1 Be4 27. f3 Bd5
28. Rc7 Rf8 29. Rbc2 Bb3 30. R2c3 a4 31. Nd7 Rfd8 32. Ne5 Rd1+ 33. Kf2 Rf8 34.
Nd7 Rd8 35. Ne5 1/2-1/2

[Event "PRO League Group Stage"]
[Site "chess.com INT"]
[Date "2017.02.11"]
[Round "5"]
[White "Baker, Vincent J"]
[Black "Adu, Oladapo"]
[Result "0-1"]
[BlackTitle "IM"]
[WhiteElo "1960"]
[BlackElo "2288"]
[WhiteTeam "Columbus Cardinals"]
[BlackTeam "Abuja RockStars"]
[WhiteFideId "30911974"]
[BlackFideId "8500258"]
[EventDate "2017.01.11"]

1. e4 d6 2. d4 g6 3. Nc3 Bg7 4. Be3 c6 5. Qd2 Qa5 6. f4 Nf6 7. Nf3 O-O 8. Be2 b5
9. e5 b4 10. exf6 bxc3 11. bxc3 exf6 12. O-O f5 13. Bc4 Ba6 14. Qd3 Re8 15. Bxa6
Qxa6 16. Kf2 Qc8 17. Rfe1 Nd7 18. Bd2 Nf6 19. h3 Ne4+ 20. Kg1 h6 21. Rab1 Rb8
22. Rb3 Qc7 23. Reb1 Rb6 24. c4 Nxd2 25. Qxd2 Reb8 26. Qd3 Qc8 27. Re1 Bf6 28.
Qe3 Qa6 29. c5 dxc5 30. dxc5 Rb4 31. Rxb4 Rxb4 32. Qe8+ Kg7 33. Ne5 Qxa2 34. Nd7
Bd4+ 35. Kh1 Rb1 36. Qf8+ Kh7 37. Qe7 Rxe1+ 38. Qxe1 Qa1 39. Qxa1 Bxa1 40. Nb8
Bd4 41. Nxc6 Bxc5 42. Kh2 Bb6 43. Kg3 a5 44. Kf3 a4 45. Nb4 Bc5 46. Na2 Kg7 47.
Ke2 Kf6 48. Nc3 a3 49. Kd3 Bd6 50. Ke3 g5 51. g3 Ke6 52. Kf3 Bb4 53. Na2 Bc5 54.
Nc3 Bd4 55. Na2 Kd5 56. g4 fxg4+ 57. hxg4 f6 58. f5 Kc4 59. Ke4 Bb2 60. Ke3 Bc3
61. Ke4 Bd4 62. Kf3 Kd5 63. Nb4+ Ke5 64. Na2 h5 65. gxh5 Kxf5 66. c3 Bc5 67. c4
g4+ 68. Kg2 Kg5 69. Kg3 f5 70. Nc3 f4+ 71. Kg2 Kxh5 0-1

[Event "PRO League Group Stage"]
[Site "chess.com INT"]
[Date "2017.02.11"]
[Round "5"]
[White "Baker, Vincent J"]
[Black "Sorungbe, Ademola"]
[Result "0-1"]
[BlackTitle "CM"]
[WhiteElo "1960"]
[BlackElo "2234"]
[WhiteTeam "Columbus Cardinals"]
[BlackTeam "Abuja Rockstars"]
[WhiteFideId "30911974"]
[BlackFideId "8500223"]
[EventDate "2017.01.11"]

1. e4 e5 2. Nf3 Nc6 3. Bb5 g6 4. O-O Bg7 5. c3 Nge7 6. d4 exd4 7. cxd4 a6 8. Ba4
b5 9. Bb3 Na5 10. Be3 d6 11. Nc3 O-O 12. a4 b4 13. Nd5 Nxb3 14. Qxb3 Nxd5 15.
exd5 a5 16. Rac1 Bb7 17. Rc2 Qd7 18. Rfc1 Rfc8 19. Nd2 f5 20. h3 Qf7 21. Rc6
Bxc6 22. Rxc6 f4 23. Ne4 fxe3 24. fxe3 h6 25. Qc4 Qd7 26. b3 Qe7 27. Nxd6 Qxe3+
28. Kh1 Bxd4 29. Qf1 Rf8 30. Nf5 Rxf5 31. Rxg6+ Kh7 32. Qxf5 Qg1# 0-1

[Event "PRO League Group Stage"]
[Site "chess.com INT"]
[Date "2017.02.11"]
[Round "5"]
[White "Salinas Herrera, Pablo"]
[Black "Abdilkhair, Abilmansur"]
[Result "0-1"]
[WhiteTitle "IM"]
[WhiteElo "2464"]
[BlackElo "1990"]
[WhiteTeam "Patagonia Penguins"]
[BlackTeam "Shymkent Nomads"]
[WhiteFideId "3407128"]
[BlackFideId "13716417"]
[EventDate "2017.01.11"]

1. d4 Nf6 2. Bf4 d6 3. e3 g6 4. h3 Bg7 5. Nf3 O-O 6. Be2 c5 7. c3 Qb6 8. Qb3 Be6
9. Qa3 Nc6 10. Nbd2 Rac8 11. O-O Rfd8 12. Ng5 Bd7 13. Nc4 Qb5 14. Nxf7 d5 15.
Nxd8 Rxd8 16. Bc7 Rf8 17. b3 Be6 18. Rab1 Ne4 19. Qc1 dxc4 20. bxc4 Qa6 21. d5
Nxc3 22. Rb2 Nb4 23. dxe6 Nbxa2 24. Rxa2 Qxa2 25. Bd3 Rc8 26. Bf4 Rd8 27. Qc2
Qxc2 28. Bxc2 Rd2 29. Bb1 a5 30. Bg5 Kf8 31. e4 Rb2 32. Bd3 a4 33. Bc1 Rb3 34.
f4 Na2 35. Bc2 Rc3 36. Bxa4 Rxc1 37. Rxc1 Nxc1 38. Kf2 Nd3+ 39. Kf3 g5 40. g3
gxf4 41. gxf4 Bh6 0-1

[Event "PRO League Group Stage"]
[Site "chess.com INT"]
[Date "2017.02.15"]
[Round "6"]
[White "Balleisen, Aaron S"]
[Black "Gurevich, Daniel"]
[Result "1/2-1/2"]
[BlackTitle "IM"]
[WhiteElo "2127"]
[BlackElo "2455"]
[WhiteTeam "Carolina Cobras"]
[BlackTeam "Atlanta Kings"]
[WhiteFideId "2087073"]
[BlackFideId "2044676"]
[EventDate "2017.01.11"]

1. c4 e5 2. g3 c6 3. d4 e4 4. Nc3 d5 5. Qb3 Ne7 6. f3 dxc4 7. Qxc4 Be6 8. Qa4
Nf5 9. d5 b5 10. Qb3 Bxd5 11. Nxd5 Qxd5 12. Qxd5 cxd5 13. Bg2 Bb4+ 14. Kf1 exf3
15. Nxf3 Nc6 16. a4 bxa4 17. Rxa4 a5 18. Ne1 O-O-O 19. Nd3 Rhe8 20. Nxb4 axb4
21. Bh3 g6 22. Bg5 Rd6 23. Kf2 Kb7 24. Rd1 Rde6 25. Rd2 f6 26. Bxf5 gxf5 27. Bf4
Kb6 28. e3 Rd8 29. b3 Kb5 30. Rda2 d4 31. exd4 Rxd4 32. Ra8 Rd3 33. Rb2 Nd4 34.
Rb8+ Kc5 35. Rc8+ Rc6 36. Rxc6+ Kxc6 37. Bd2 Kb5 38. Bh6 Rxb3 39. Rxb3 Nxb3 40.
Bg7 Nc5 41. Ke3 Ne4 42. g4 b3 43. Kd3 fxg4 44. Bh6 Ka4 45. Bc1 Nd6 46. Kd4 Nb5+
47. Ke4 Kb4 48. Bb2 Nc3+ 49. Kf5 Nd1 50. Ba1 b2 51. Bxb2 Nxb2 52. Kxg4 Nd1 53.
Kf5 h5 54. h4 Nf2 55. Kxf6 Ne4+ 56. Kf5 Ng3+ 57. Kf4 Ne2+ 58. Kg5 Ng3 59. Kf4
Ne2+ 60. Kg5 1/2-1/2

[Event "PRO League Group Stage"]
[Site "chess.com INT"]
[Date "2017.02.15"]
[Round "6"]
[White "Fishbein, Alexander"]
[Black "Barbosa, Oliver"]
[Result "1/2-1/2"]
[WhiteTitle "GM"]
[BlackTitle "GM"]
[WhiteElo "2481"]
[BlackElo "2518"]
[WhiteTeam "New Jersey Knockouts"]
[BlackTeam "New York Knights"]
[WhiteFideId "2000377"]
[BlackFideId "5201640"]
[EventDate "2017.01.11"]

1. e4 c6 2. d4 d5 3. Nc3 dxe4 4. Nxe4 Nd7 5. Ne2 Ngf6 6. N2g3 Nxe4 7. Nxe4 Nf6
8. Nxf6+ gxf6 9. c3 Qd5 10. Be3 Rg8 11. Qb3 e6 12. O-O-O Qxb3 13. axb3 Bd6 14.
g3 b6 15. Bg2 Bb7 16. Kc2 f5 17. Bf3 O-O-O 18. b4 Kc7 19. Ra1 a6 20. Rhg1 Rd7
21. Be2 Ra8 22. Bf4 Rdd8 23. Bxd6+ Kxd6 24. Ra3 Ra7 25. Rga1 Rda8 26. h3 f6 27.
Bc4 h6 28. Re1 Bc8 29. Bf1 e5 30. Raa1 e4 31. Ra3 Rg7 32. Kd2 f4 33. gxf4 Rg1
34. c4 Bf5 35. Rg3 Rg8 36. c5+ Kc7 37. Rxg8 Rxg8 38. Ra1 Rg1 39. cxb6+ Kxb6 40.
Rxa6+ Kb7 41. Ra1 Kb6 42. Re1 h5 43. Be2 Rg2 44. Ke3 Rh2 45. Rg1 Rxh3+ 46. Rg3
Rh1 47. f3 h4 48. Rg8 exf3 49. Bxf3 Re1+ 50. Kf2 Rb1 51. Rf8 Rxb2+ 52. Kg1 Rb1+
53. Kh2 Rb2+ 54. Kg1 Rb1+ 55. Kh2 Rb2+ 56. Kg1 Rb1+ 1/2-1/2

[Event "PRO League Group Stage"]
[Site "chess.com INT"]
[Date "2017.02.15"]
[Round "6"]
[White "Stripunsky, Alexander"]
[Black "Barbosa, Oliver"]
[Result "1/2-1/2"]
[WhiteTitle "GM"]
[BlackTitle "GM"]
[WhiteElo "2536"]
[BlackElo "2518"]
[WhiteTeam "New Jersey Knockouts"]
[BlackTeam "New York Knights"]
[WhiteFideId "2015315"]
[BlackFideId "5201640"]
[EventDate "2017.01.11"]

1. e4 e5 2. Nf3 Nc6 3. Bb5 Nf6 4. d3 Bc5 5. c3 O-O 6. Bg5 h6 7. Bh4 Be7 8. Nbd2
d6 9. O-O a6 10. Ba4 Nh5 11. Bg3 Nxg3 12. hxg3 Be6 13. Bb3 Qd7 14. Nc4 Bf6 15.
Ne3 g6 16. Bxe6 fxe6 17. a4 Bg7 18. Nh4 Kh7 19. g4 d5 20. Qe2 Rad8 21. Nf3 g5
22. Nc2 Qf7 23. Rfe1 Qf4 24. Nd2 Qf7 25. Nf1 Ne7 26. Ng3 c6 27. Nh5 Ng6 28. g3
Bf6 29. Nxf6+ Qxf6 30. Kg2 Rf7 31. Rh1 Rdf8 32. Raf1 Kg7 33. a5 Qd8 34. b4 c5
35. f3 Qd6 36. Rf2 Rc7 37. exd5 cxb4 38. cxb4 Qxd5 39. Ne3 Qd4 40. Nc4 Rf6 41.
Re1 Rd7 42. Nxe5 Nxe5 43. Qxe5 Qxe5 44. Rxe5 Rxd3 45. b5 axb5 46. Rxb5 Rf7 47.
f4 gxf4 48. gxf4 Rd4 49. Kg3 Rc7 50. Rb6 Re4 51. Rf3 Kf7 52. Rfb3 Kf6 53. Rxb7
Rxb7 54. Rxb7 Ra4 55. Ra7 Ra3+ 56. Kh4 Rf3 57. Ra8 Kg7 58. Ra7+ Kg6 59. Ra6 Kf7
60. Ra7+ Kg6 61. Ra6 Kf7 62. Rb6 Rxf4 63. a6 Ra4 64. Rb7+ Kf6 65. a7 Ra3 66. Rh7
Kg6 67. Rb7 Kf6 68. Rc7 Kg6 69. Rb7 Kf6 70. Rc7 Kg6 71. Rb7 Kf6 72. Rd7 Kg6 73.
Rc7 Kf6 74. Rb7 Kg6 75. Rc7 Kf6 76. Rb7 Kg6 77. Rc7 Kf6 78. Rb7 Kg6 79. Rc7 Kf6
80. Rb7 1/2-1/2

[Event "PRO League Group Stage"]
[Site "chess.com INT"]
[Date "2017.02.15"]
[Round "6"]
[White "Pon, Matt"]
[Black "Toshali, V"]
[Result "1-0"]
[WhiteTitle "FM"]
[WhiteElo "2165"]
[BlackElo "1797"]
[WhiteTeam "Johannesburg Koeksisters"]
[BlackTeam "Amaravati Yodhas"]
[WhiteFideId "14301644"]
[BlackFideId "5072611"]
[EventDate "2017.01.11"]

1. e4 Nc6 2. Nf3 d6 3. g3 Nf6 4. d3 Bg4 5. Nbd2 g6 6. h3 Bd7 7. Bg2 Bg7 8. O-O
O-O 9. Ne1 Qc8 10. Kh2 e5 11. f4 Nh5 12. f5 Qd8 13. Nc4 b5 14. Ne3 Bh6 15. Ng4
Bxc1 16. Qxc1 f6 17. Qh6 Be8 18. Ne3 Nd4 19. c3 Ne2 20. Rf3 Nexg3 21. Rxg3 Nxg3
22. Kxg3 Rf7 23. Bf3 Rg7 24. Kh2 Bd7 25. N1c2 gxf5 26. exf5 c6 27. Rf1 d5 28.
Bh5 Qe7 29. Ng4 Rf8 30. Nce3 d4 31. Nd1 Rg5 32. h4 Rxf5 33. Rg1 Kh8 34. Bg6 Rf4
35. Bxh7 Bxg4 36. Bf5+ Kg8 37. Bxg4 Rxg4 38. Rxg4+ Kf7 39. Rg7+ Ke6 40. Rxe7+
Kxe7 41. cxd4 exd4 42. Qh7+ Rf7 43. Qe4+ Kd6 44. Qxd4+ Ke6 45. h5 Rd7 46. Qe4+
Kf7 47. h6 Re7 48. Qxe7+ Kxe7 49. h7 Kd6 50. h8=Q Kd5 51. Qxf6 Kc5 52. Qe5+ Kb6
53. b4 a5 54. Qc5+ Kb7 55. bxa5 Ka6 56. Qb6# 1-0

[Event "PRO League Group Stage"]
[Site "chess.com INT"]
[Date "2017.02.15"]
[Round "6"]
[White "Teglas, Balazs"]
[Black "Kim, Kristina"]
[Result "0-1"]
[WhiteElo "2244"]
[BlackElo "1875"]
[WhiteTeam "Budapest Gambit"]
[BlackTeam "Shymkent Nomads"]
[WhiteFideId "727130"]
[BlackFideId "13712438"]
[EventDate "2017.01.11"]

1. d4 Nf6 2. Nc3 d5 3. Bg5 Nbd7 4. Nf3 e6 5. e4 h6 6. Bh4 g5 7. Bg3 Nxe4 8. Nxe4
dxe4 9. Nd2 f5 10. Bc4 Nf6 11. Be5 Bd6 12. Qe2 Bd7 13. f3 exf3 14. Nxf3 Qe7 15.
O-O-O O-O-O 16. Rhe1 Rhe8 17. Bxf6 Qxf6 18. Ne5 Bxe5 19. Qxe5 Qxe5 20. Rxe5 Kb8
21. Rde1 Bc6 22. Bxe6 Rxd4 23. Bxf5 Red8 24. g3 b6 25. Bd3 Kb7 26. Re6 R4d6 27.
Rxd6 Rxd6 28. Rf1 Bd5 29. b3 a5 30. a3 Bxb3 31. Be4+ Bd5 32. Bxd5+ Rxd5 33. Rf6
Rd6 34. Rf8 Kc6 35. Kb2 Kd5 36. Re8 Rc6 37. c3 Kc4 38. Kc2 Rf6 39. Re4+ Kb5 40.
a4+ Kc5 41. Kd3 Rd6+ 42. Ke3 Rf6 43. Re5+ Kc4 44. Re7 c6 45. Rb7 b5 46. Ra7 Kxc3
47. axb5 cxb5 48. Rxa5 Rb6 49. Ra2 b4 0-1

[Event "PRO League Group Stage"]
[Site "chess.com INT"]
[Date "2017.02.15"]
[Round "6"]
[White "Stukopin, Andrey"]
[Black "Margvelashvili, Giorgi"]
[Result "1/2-1/2"]
[WhiteTitle "GM"]
[BlackTitle "GM"]
[WhiteElo "2586"]
[BlackElo "2530"]
[WhiteTeam "Rio Grande Ospreys"]
[BlackTeam "Seattle Sluggers"]
[WhiteFideId "24107131"]
[BlackFideId "13602926"]
[EventDate "2017.01.11"]

1. e4 d6 2. d4 Nf6 3. Nc3 e5 4. Nf3 Nbd7 5. Bc4 Be7 6. O-O Nb6 7. Bd3 Nfd7 8. a4
a5 9. Be3 exd4 10. Nxd4 O-O 11. f4 Re8 12. Nf5 Bf6 13. Qf3 g6 14. Nh6+ Kg7 15.
Ng4 Bxc3 16. bxc3 h5 17. Bd4+ f6 18. Nxf6 Nxf6 19. e5 Ng4 20. e6+ Kh6 21. h3
Bxe6 22. hxg4 Bxg4 23. Qxb7 Rb8 24. Qc6 Qd7 25. Bb5 Qxc6 26. Bxc6 Bd7 27. Bxb6
Bxc6 28. Bxc7 Re2 29. Rf2 Rxf2 30. Kxf2 Rb2 31. Rc1 Bxa4 32. Bxa5 Bxc2 33. Ke3
Ba4 34. Rg1 g5 35. fxg5+ Kxg5 36. Bc7 Bc6 37. g3 Rg2 38. Rxg2 Bxg2 39. Bxd6 Kg4
40. Kf2 Bd5 41. Be7 Bf7 42. Ke3 1/2-1/2

[Event "PRO League Group Stage"]
[Site "chess.com INT"]
[Date "2017.02.15"]
[Round "6"]
[White "Bacrot, Etienne"]
[Black "Blomqvist, Erik"]
[Result "1/2-1/2"]
[WhiteTitle "GM"]
[BlackTitle "GM"]
[WhiteElo "2695"]
[BlackElo "2574"]
[WhiteTeam "Marseille Migraines"]
[BlackTeam "Stockholm Snowballs"]
[WhiteFideId "605506"]
[BlackFideId "1709437"]
[EventDate "2017.01.11"]

1. e4 c5 2. Nf3 Nc6 3. Bb5 g6 4. Bxc6 bxc6 5. O-O Bg7 6. Re1 Nf6 7. e5 Nd5 8. c4
Nc7 9. d4 cxd4 10. Qxd4 Ne6 11. Qh4 d6 12. exd6 Qxd6 13. Nc3 h5 14. Bd2 O-O 15.
Ne4 Qc7 16. Bc3 f6 17. Rad1 Qf4 18. Bb4 Qxh4 19. Nxh4 Kf7 20. Bxe7 Kxe7 21.
Nxg6+ Kf7 22. Nxf8 Bxf8 23. Nd6+ Bxd6 24. Rxd6 c5 25. Rd5 Kg6 26. Rd6 Rb8 27. b3
Kf7 28. f3 a5 29. Rd5 a4 30. Rxh5 axb3 31. axb3 Rxb3 32. Rh7+ Kg6 33. Re7 Nf4
34. R7e4 Nd3 35. R4e3 Ba6 36. Rd1 Bxc4 37. h4 Bb5 38. g4 c4 39. h5+ Kg5 40. Kh2
Rb2+ 41. Kg3 Nf4 42. Rg1 Ne2+ 43. Rxe2 Rxe2 44. Rb1 Bc6 45. Rb6 Re6 46. f4+ Kh6
47. Kh4 c3 48. Rb3 c2 49. Rc3 Be4 50. Rc7 c1=Q 51. Rxc1 Rc6 52. Rxc6 Bxc6 53.
g5+ fxg5+ 54. fxg5+ Kg7 55. g6 Kh6 56. g7 Kxg7 57. h6+ Kxh6 1/2-1/2

[Event "PRO League Group Stage"]
[Site "chess.com INT"]
[Date "2017.02.15"]
[Round "6"]
[White "Beletic, Daniel"]
[Black "Indjic, Aleksandar"]
[Result "1/2-1/2"]
[WhiteTitle "FM"]
[BlackTitle "GM"]
[WhiteElo "2286"]
[BlackElo "2560"]
[WhiteTeam "Ljubljana Direwolves"]
[BlackTeam "Belgrade Sparrows"]
[WhiteFideId "14602709"]
[BlackFideId "911925"]
[EventDate "2017.01.11"]

1. d4 g6 2. Nf3 Bg7 3. c3 d6 4. e4 Nf6 5. Bd3 O-O 6. O-O Nc6 7. h3 e5 8. Re1 h6
9. Na3 a6 10. Nc2 Re8 11. dxe5 Nxe5 12. Nxe5 Rxe5 13. Bf4 Re8 14. Qd2 Kh7 15.
Rad1 Be6 16. Nd4 Nd7 17. Nf5 Bxf5 18. exf5 Qf6 19. fxg6+ fxg6 20. Bg3 h5 21. Bf4
Nc5 22. Bg5 Qf7 23. Bb1 Ne6 24. h4 Bf6 25. Bxf6 Qxf6 26. g3 Nc5 27. Re3 Rxe3 28.
Qxe3 Rf8 29. Re1 Kg7 30. f4 Na4 31. Qe4 Nc5 32. Qe2 d5 33. Bc2 c6 34. Qe3 Nd7
35. Qa7 Rf7 36. Qe3 Qd6 37. Qd4+ Qf6 38. Qe3 a5 39. Qe8 Nf8 40. Re5 Qd6 41. Kg2
Qf6 42. Kg1 Qd6 43. Kg2 b5 44. Re2 b4 45. Qe5+ Qxe5 46. Rxe5 Rb7 47. cxb4 Rxb4
48. b3 Rd4 49. Kf3 Rd2 50. Bb1 Rb2 51. Bd3 Rxa2 52. f5 Rb2 53. fxg6 Rxb3 54.
Re7+ Kg8 55. Ke2 c5 56. g7 c4 57. Bc2 Rxg3 58. gxf8=Q+ Kxf8 59. Re5 Rg2+ 60. Kd1
d4 61. Rxh5 Rg1+ 62. Kd2 Rg2+ 63. Kc1 d3 64. Bxd3 cxd3 65. Rxa5 Rh2 66. Rd5 Rxh4
67. Rxd3 1/2-1/2